| 000 | 00640nam a2200217 a 4500 | ||
|---|---|---|---|
| 005 | 20240613063703.0 | ||
| 008 | 040217s2002 es r 000 0 spa d | ||
| 020 | _a8483165619 | ||
| 035 | _aUPN01000131957 | ||
| 049 | _aCG | ||
| 050 | 4 |
_aLC473 _bB6.4 |
|
| 100 | 1 | _aBotana, Antonio | |
| 245 | 1 | 3 |
_aLa escuela como proyecto evangélico / _cAntonio Botana. |
| 260 |
_aMadrid : _bCCS : _bICCE, _c2002. |
||
| 300 | _a64 p. | ||
| 440 | 0 |
_aCuadernos de educación para la acción social ; _v13. _pIdentidad |
|
| 650 | 4 |
_aEDUCACION CRISTIANA _915360 |
|
| 650 | 4 |
_aEducación religiosa _919070 |
|
| 650 | 4 |
_aCatolicismo _96511 |
|
| 905 | _aLibro | ||
| 999 |
_c104112 _d104112 |
||